[Event "CHN-ch Gp-B"]
[Site "Liaocheng"]
[Date "2024.04.23"]
[Round "5"]
[White "Ren, Yibai"]
[Black "Jiang, Qinyu"]
[Result "0-1"]
[WhiteElo "1755"]
[BlackElo "2319"]
[PlyCount "74"]
[EventDate "2024.04.21"]
[EventType "swiss"]
[EventRounds "11"]
[EventCountry "CHN"]
[SourceTitle "CB18_2024"]
[SourceDate "2024.05.01"]
[SourceVersion "1"]
[SourceVersionDate "2024.05.01"]
[SourceQuality "2"]

1. e4 c5 2. Nf3 Nc6 3. d4 cxd4 4. Nxd4 Nf6 5. Nc3 e5 6. Ndb5 d6 7. Bg5 a6 8. Na3 b5 9. Nab1 Be7 10. Bxf6 Bxf6 11. a4 b4 12. Nd5 0-0 13. Bc4 Bg5 14. 0-0 Be6 15. Qd3 Na5 16. Bb3 Nxb3 17. cxb3 Qa5 18. Nd2 Bxd5 19. exd5 f5 20. Nc4 Qc5 21. Rad1 a5 22. Qg3 Bh6 23. Kh1 Rae8 24. f3 Qc7 25. Qf2 e4 26. fxe4 fxe4 27. Qe2 e3 28. Rf3 Qc5 29. Rd3 Rxf3 30. gxf3 Bf4 31. Nd2 Qc2 32. Rd4 Re5 33. Qb5 Qd1+ 34. Kg2 Rg5+ 35. Kh3 Rh5+ 36. Kg4 Qg1+ 37. Kxf4 Rh4+ 0-1

[Event "CHN-chT"]
[Site "Qingdao"]
[Date "2024.04.08"]
[Round "7.4"]
[White "Jiang, Qinyu"]
[Black "Xie, Jiaxiang"]
[Result "0-1"]
[WhiteElo "2319"]
[BlackElo "1757"]
[PlyCount "76"]
[EventDate "2024.04.02"]
[EventType "team-swiss"]
[EventRounds "9"]
[EventCountry "CHN"]
[SourceTitle "CB16_2024"]
[SourceDate "2024.04.17"]
[SourceVersion "1"]
[SourceVersionDate "2024.04.17"]
[SourceQuality "1"]
[WhiteTeam "Chengdu"]
[BlackTeam "Hebei"]
[WhiteTeamCountry "CHN"]
[BlackTeamCountry "CHN"]

1. e4 d6 2. d4 Nf6 3. Nc3 g6 4. Be3 Bg7 5. Qd2 0-0 6. 0-0-0 c6 7. Bh6 b5 8. Bxg7 Kxg7 9. Bd3 Qb6 10. Nf3 b4 11. e5 bxc3 12. exf6+ exf6 13. Qxc3 Na6 14. Kb1 Rb8 15. Nd2 Nb4 16. Nc4 Qc7 17. Ne3 Be6 18. a3 Na2 19. Qd2 Qb6 20. c4 Qb3 21. Ka1 Nb4 22. axb4 Qa4+ 23. Kb1 Rxb4 24. Rc1 Rfb8 25. Rc3 Qa6 26. d5 Ra4 27. Kc1 cxd5 28. cxd5 Ra1+ 29. Bb1 Bd7 30. Nc2 Bf5 31. Qe1 Qa2 32. Nxa1 Qxb2+ 33. Kd1 Qxa1 34. Rc1 Rxb1 35. Qd2 Qa4+ 36. Ke2 Qb5+ 37. Kf3 Rb3+ 38. Rc3 Qb4 0-1

[Event "CHN-chT"]
[Site "Qingdao"]
[Date "2024.04.02"]
[Round "1.3"]
[White "Qu, Yanqiao"]
[Black "Jiang, Qinyu"]
[Result "0-1"]
[WhiteElo "2060"]
[BlackElo "2319"]
[PlyCount "104"]
[EventDate "2024.04.02"]
[EventType "team-swiss"]
[EventRounds "9"]
[EventCountry "CHN"]
[SourceTitle "CB16_2024"]
[SourceDate "2024.04.17"]
[SourceVersion "1"]
[SourceVersionDate "2024.04.17"]
[SourceQuality "1"]
[WhiteTeam "Heilongjiang"]
[BlackTeam "Chengdu"]
[WhiteTeamCountry "CHN"]
[BlackTeamCountry "CHN"]

1. e4 c5 2. Nf3 Nc6 3. Bb5 e5 4. 0-0 Bd6 5. c3 a6 6. Ba4 b5 7. Bb3 c4 8. Bc2 Nf6 9. d4 cxd3 10. Qxd3 Bc7 11. a4 b4 12. Bg5 h6 13. Bh4 g5 14. Bg3 0-0 15. Nbd2 d6 16. Bb3 bxc3 17. bxc3 Ne7 18. Rfe1 Ng6 19. Nf1 Bb7 20. N3d2 d5 21. exd5 Nxd5 22. Ne4 Ndf4 23. Qc2 Qd3 24. Nf6+ Kg7 25. Nh5+ Kh8 26. Bxf4 Qxc2 27. Bxc2 exf4 28. Rab1 Rab8 29. Nf6 Bc6 30. Rxb8 Bxb8 31. Nd2 Be5 32. Nde4 Rb8 33. Rd1 Nf8 34. h3 Rb2 35. Rd8 Bxf6 36. Rxf8+ Kg7 37. Rc8 Bb7 38. Rb8 Be5 39. Re8 Bxc3 40. Nxc3 Rxc2 41. Ne4 Bc6 42. Re7 Rc1+ 43. Kh2 Re1 44. f3 Bxe4 45. fxe4 Ra1 46. e5 Kf8 47. Rc7 Rxa4 48. Rc6 Kg7 49. Rb6 Ra1 50. h4 g4 51. Rb4 Rf1 52. Ra4 h5 0-1

[Event "Budapest FS02 IM-2"]
[Site "Budapest"]
[Date "2024.02.24"]
[Round "8"]
[White "Csiki, Endre"]
[Black "Jiang, Qinyu"]
[Result "1/2-1/2"]
[WhiteElo "2313"]
[BlackElo "2258"]
[PlyCount "59"]
[EventDate "2024.02.15"]
[EventType "tourn"]
[EventRounds "9"]
[EventCountry "HUN"]
[EventCategory "4"]
[SourceTitle "CB09_2024"]
[SourceDate "2024.02.28"]
[SourceVersion "1"]
[SourceVersionDate "2024.02.28"]
[SourceQuality "1"]

1. d4 Nf6 2. Bf4 d5 3. e3 c5 4. Nf3 Nc6 5. Nbd2 e6 6. c3 cxd4 7. exd4 Nh5 8. Be3 Bd6 9. Ne5 g6 10. Nd3 Ng7 11. g3 Nf5 12. Bf4 Bxf4 13. Nxf4 0-0 14. Bg2 e5 15. dxe5 Nxe5 16. 0-0 d4 17. Nf3 Nc6 18. cxd4 Nfxd4 19. Nxd4 Nxd4 20. Nd5 Nc6 21. Qb3 Be6 22. Rfd1 Bxd5 23. Bxd5 Qb6 24. Bxc6 Qxb3 25. axb3 bxc6 26. Rd6 Rfb8 27. Rxc6 Rxb3 28. Rca6 Rxb2 29. Rxa7 Rxa7 30. Rxa7 1/2-1/2

[Event "Budapest FS02 IM-2"]
[Site "Budapest"]
[Date "2024.02.21"]
[Round "6"]
[White "Balint, Vilmos"]
[Black "Jiang, Qinyu"]
[Result "1/2-1/2"]
[WhiteElo "2191"]
[BlackElo "2258"]
[PlyCount "55"]
[EventDate "2024.02.15"]
[EventType "tourn"]
[EventRounds "9"]
[EventCountry "HUN"]
[EventCategory "4"]
[SourceTitle "CB09_2024"]
[SourceDate "2024.02.28"]
[SourceVersion "1"]
[SourceVersionDate "2024.02.28"]
[SourceQuality "1"]

1. e4 c5 2. Nf3 Nc6 3. d4 cxd4 4. Nxd4 Nf6 5. Nc3 e5 6. Ndb5 d6 7. Bg5 a6 8. Na3 b5 9. Nd5 Be7 10. Nxe7 Nxe7 11. f3 Be6 12. c4 0-0 13. cxb5 h6 14. Bxf6 gxf6 15. Qd2 axb5 16. Qxh6 d5 17. Bd3 dxe4 18. Bxe4 Nf5 19. Bxf5 Bxf5 20. 0-0 Qd4+ 21. Kh1 Qxb2 22. Qxf6 Bd3 23. f4 Rxa3 24. Qg5+ Kh7 25. Qh5+ Kg7 26. Qg5+ Kh7 27. Qh5+ Kg7 28. Qg5+ 1/2-1/2

[Event "Budapest FS02 IM-2"]
[Site "Budapest"]
[Date "2024.02.16"]
[Round "2"]
[White "Neverov, Valeriy"]
[Black "Jiang, Qinyu"]
[Result "1/2-1/2"]
[WhiteElo "2438"]
[BlackElo "2258"]
[PlyCount "62"]
[EventDate "2024.02.15"]
[EventType "tourn"]
[EventRounds "9"]
[EventCountry "HUN"]
[EventCategory "4"]
[SourceTitle "CB09_2024"]
[SourceDate "2024.02.28"]
[SourceVersion "1"]
[SourceVersionDate "2024.02.28"]
[SourceQuality "1"]

1. d4 Nf6 2. c4 e6 3. Nc3 d5 4. Bg5 dxc4 5. e3 c5 6. Bxc4 cxd4 7. exd4 Nc6 8. Nf3 Be7 9. 0-0 0-0 10. Re1 a6 11. Rc1 b5 12. Bb3 Bb7 13. Bxf6 Bxf6 14. d5 exd5 15. Nxd5 Na5 16. Rc5 Nxb3 17. Qxb3 Qd6 18. Nxf6+ Qxf6 19. Qc3 Bxf3 20. gxf3 Rae8 21. Rxe8 Rxe8 22. Rc8 Qe6 23. Rxe8+ Qxe8 24. Qc7 g6 25. Qb6 Qc8 26. Kg2 h5 27. b3 Kg7 28. Qd4+ Kg8 29. Qf6 Qb7 30. a4 Qd5 31. Qxa6 Qg5+ 1/2-1/2

[Event "Budapest FS02 IM"]
[Site "Budapest"]
[Date "2024.02.13"]
[Round "9"]
[White "Barrish, Daniel"]
[Black "Jiang, Qinyu"]
[Result "0-1"]
[WhiteElo "2283"]
[BlackElo "2258"]
[PlyCount "86"]
[EventDate "2024.02.03"]
[EventType "schev"]
[EventRounds "9"]
[EventCountry "HUN"]
[SourceTitle "CB08_2024"]
[SourceDate "2024.02.21"]
[SourceVersion "1"]
[SourceVersionDate "2024.02.21"]
[SourceQuality "1"]

1. e4 c5 2. Nf3 Nc6 3. Bb5 e5 4. 0-0 Bd6 5. c3 a6 6. Ba4 b5 7. Bc2 Nge7 8. a4 b4 9. Re1 Rb8 10. d4 bxc3 11. bxc3 cxd4 12. cxd4 Bb4 13. Re2 exd4 14. Nxd4 0-0 15. e5 Nxd4 16. Qxd4 d6 17. Bb2 Bc5 18. Qc3 Nd5 19. Bxh7+ Kxh7 20. Qd3+ Kg8 21. Qxd5 dxe5 22. Nc3 Bd4 23. Qxd8 Rxd8 24. Nd1 a5 25. Bxd4 exd4 26. f3 Ba6 27. Rd2 f5 28. Kf2 Rb4 29. Nb2 f4 30. g3 g5 31. gxf4 gxf4 32. Rg1+ Kf7 33. Rg4 d3 34. Rg5 Rxb2 35. Rxb2 d2 36. Rxd2 Rxd2+ 37. Kg1 Kf6 38. Rxa5 Bb7 39. h4 Bxf3 40. h5 Be4 41. Ra6+ Kg5 42. Ra5+ Kg4 43. h6 f3 0-1

[Event "Budapest FS02 IM"]
[Site "Budapest"]
[Date "2024.02.09"]
[Round "6"]
[White "Jiang, Qinyu"]
[Black "Neverov, Valeriy"]
[Result "0-1"]
[WhiteElo "2258"]
[BlackElo "2438"]
[PlyCount "96"]
[EventDate "2024.02.03"]
[EventType "schev"]
[EventRounds "9"]
[EventCountry "HUN"]
[SourceTitle "CB08_2024"]
[SourceDate "2024.02.21"]
[SourceVersion "1"]
[SourceVersionDate "2024.02.21"]
[SourceQuality "1"]

1. e4 c5 2. Nf3 e6 3. d4 cxd4 4. Nxd4 a6 5. a3 Nf6 6. Nc3 d6 7. Be3 Nc6 8. h3 Be7 9. g4 0-0 10. g5 Nd7 11. h4 Nc5 12. Qe2 Bd7 13. 0-0-0 Rc8 14. Nxc6 Rxc6 15. b4 Nb3+ 16. Kb2 Qc7 17. Qe1 Rc8 18. Rd3 Na5 19. bxa5 Qxa5 20. Bg2 d5 21. Nxd5 Rxc2+ 22. Ka1 Qxe1+ 23. Rxe1 exd5 24. exd5 Bd6 25. Bd4 Bf5 26. Rf3 g6 27. Rfe3 Kf8 28. h5 gxh5 29. Rf3 Rc1+ 30. Rxc1 Rxc1+ 31. Kb2 Rd1 32. Rxf5 Rxd4 33. Kc2 b5 34. Rf6 Ke7 35. Bf3 h4 36. Bh5 Rf4 37. Rh6 Rxf2+ 38. Kd3 Rf5 39. Rxh7 Rxd5+ 40. Ke4 Rxg5 41. Bxf7 Kf6 42. Ba2 Rg4+ 43. Kd5 Bxa3 44. Rh6+ Kg5 45. Rxa6 b4 46. Bb1 h3 47. Ra8 h2 48. Rg8+ Kf4 0-1

[Event "Budapest FS02 IM"]
[Site "Budapest"]
[Date "2024.02.06"]
[Round "4"]
[White "Jiang, Qinyu"]
[Black "Xu, Yang1"]
[Result "1/2-1/2"]
[WhiteElo "2258"]
[BlackElo "2149"]
[PlyCount "31"]
[EventDate "2024.02.03"]
[EventType "schev"]
[EventRounds "9"]
[EventCountry "HUN"]
[SourceTitle "CB08_2024"]
[SourceDate "2024.02.21"]
[SourceVersion "1"]
[SourceVersionDate "2024.02.21"]
[SourceQuality "1"]

1. e4 c6 2. d4 d5 3. e5 c5 4. Nf3 Nc6 5. dxc5 Bg4 6. c3 e6 7. b4 Bxf3 8. Qxf3 Qc7 9. Bf4 a6 10. Qg3 g6 11. Nd2 Bg7 12. Nf3 Nge7 13. Bd3 a5 14. Rb1 axb4 15. cxb4 Ra3 16. Bc2 1/2-1/2

[Event "Wch U18"]
[Site "Montesilvano"]
[Date "2023.11.16"]
[Round "4"]
[White "Bai, Adelard"]
[Black "Jiang, Qinyu"]
[Result "1-0"]
[WhiteElo "2384"]
[BlackElo "2247"]
[PlyCount "49"]
[EventDate "2023.11.13"]
[EventType "swiss"]
[EventRounds "11"]
[EventCountry "ITA"]
[SourceTitle "CB48_2023"]
[SourceDate "2023.11.29"]
[SourceVersion "1"]
[SourceVersionDate "2023.11.29"]
[SourceQuality "1"]

1. d4 Nf6 2. c4 e6 3. Nc3 d5 4. cxd5 Nxd5 5. e4 Nxc3 6. bxc3 c5 7. Rb1 Be7 8. Nf3 0-0 9. h4 b6 10. h5 h6 11. Rh3 Kh8 12. Rg3 Bb7 13. Bd3 cxd4 14. cxd4 Nc6 15. Qd2 Rg8 16. Kf1 Bd6 17. e5 Be7 18. Qf4 Nb4 19. Rxb4 Bxf3 20. Qxf3 Bxb4 21. Qe4 g6 22. hxg6 f5 23. exf6 Qxf6 24. g7+ Rxg7 25. Qxa8+ 1-0

[Event "Tianjin Binhai Cup-A 3rd"]
[Site "Tianjin"]
[Date "2023.08.24"]
[Round "7"]
[White "Jiang, Qinyu"]
[Black "Xie, Jianjun"]
[Result "1-0"]
[WhiteElo "2294"]
[BlackElo "2397"]
[PlyCount "81"]
[EventDate "2023.08.20"]
[EventType "swiss"]
[EventRounds "9"]
[EventCountry "CHN"]
[SourceTitle "CBM 215 Extra"]
[Source "ChessBase"]
[SourceDate "2023.09.30"]
[SourceVersion "1"]
[SourceVersionDate "2023.09.30"]
[SourceQuality "1"]

1. e4 c6 2. d4 d5 3. e5 Bf5 4. h4 h6 5. g4 Bd7 6. h5 c5 7. dxc5 Qc7 8. Be3 Qxe5 9. Nc3 e6 10. Nf3 Qc7 11. Nb5 Bxb5 12. Bxb5+ Nc6 13. c4 Nf6 14. Qa4 Be7 15. 0-0-0 Rc8 16. Kb1 a6 17. Bxc6+ Qxc6 18. Qxc6+ Rxc6 19. Ne5 Rc7 20. Rc1 dxc4 21. Rxc4 Nd5 22. Bd4 f6 23. Ng6 Rg8 24. f4 Kf7 25. Rhc1 Rgc8 26. b3 Rc6 27. Bf2 Rd8 28. Kb2 Nc7 29. b4 a5 30. bxa5 Na6 31. Be3 Rd5 32. Nxe7 Kxe7 33. R1c3 f5 34. gxf5 Rxf5 35. Rb3 Rc7 36. Bd4 Rxh5 37. Be5 Rh2+ 38. Ka3 Rd7 39. c6 bxc6 40. Rxc6 Ra7 41. Rbb6 1-0

[Event "Tianjin Binhai Cup-A 3rd"]
[Site "Tianjin"]
[Date "2023.08.24"]
[Round "8"]
[White "Xu, Yinglun"]
[Black "Jiang, Qinyu"]
[Result "1-0"]
[WhiteElo "2531"]
[BlackElo "2294"]
[PlyCount "55"]
[EventDate "2023.08.20"]
[EventType "swiss"]
[EventRounds "9"]
[EventCountry "CHN"]
[SourceTitle "CBM 215 Extra"]
[Source "ChessBase"]
[SourceDate "2023.09.30"]
[SourceVersion "1"]
[SourceVersionDate "2023.09.30"]
[SourceQuality "1"]

1. c4 e6 2. Nc3 d5 3. d4 Nf6 4. cxd5 Nxd5 5. e4 Nxc3 6. bxc3 c5 7. Rb1 Be7 8. Bc4 0-0 9. Ne2 Nc6 10. 0-0 Na5 11. Bd3 b6 12. Be3 cxd4 13. cxd4 Bb7 14. Nf4 Rc8 15. Qg4 g6 16. e5 Bd5 17. h4 Nc4 18. Bc1 Bb7 19. Nxe6 fxe6 20. Bxc4 Bd5 21. Bxd5 Qxd5 22. Be3 Kg7 23. h5 Rf5 24. Rbc1 Rxc1 25. Rxc1 Qxa2 26. hxg6 hxg6 27. Qe4 Qe2 28. Bh6+ 1-0

[Event "Tianjin Binhai Cup-A 3rd"]
[Site "Tianjin"]
[Date "2023.08.20"]
[Round "1"]
[White "Jiang, Qinyu"]
[Black "Zhou, Yichen"]
[Result "1-0"]
[WhiteElo "2294"]
[BlackElo "1928"]
[PlyCount "89"]
[EventDate "2023.08.20"]
[EventType "swiss"]
[EventRounds "9"]
[EventCountry "CHN"]
[SourceTitle "CBM 215 Extra"]
[Source "ChessBase"]
[SourceDate "2023.09.30"]
[SourceVersion "1"]
[SourceVersionDate "2023.09.30"]
[SourceQuality "1"]

1. e4 c5 2. Nf3 d6 3. d4 cxd4 4. Nxd4 Nf6 5. Nc3 a6 6. Be3 e5 7. Nb3 Be7 8. f3 Be6 9. Qd2 0-0 10. 0-0-0 Nbd7 11. g4 b5 12. g5 Nh5 13. Kb1 Nb6 14. Na5 Rc8 15. a3 Qc7 16. Nd5 Nxd5 17. exd5 Bd7 18. Rg1 f5 19. gxf6 Bxf6 20. Nc6 Bxc6 21. dxc6 Qxc6 22. Bh3 Rcd8 23. Be6+ Kh8 24. Bd5 Qc7 25. Rg4 Rfe8 26. Qd3 Nf4 27. Bxf4 exf4 28. Rxf4 Qc5 29. Re4 Qf2 30. Bb7 Rxe4 31. Qxe4 Qxh2 32. f4 g6 33. Bxa6 Qh5 34. Rd5 Qg4 35. Bxb5 h5 36. Be2 Qg3 37. Rd3 Qg1+ 38. Rd1 Qg3 39. Bd3 Kg7 40. Qb7+ Kh6 41. f5 Qe5 42. fxg6 Bg7 43. Qb4 d5 44. Re1 Rb8 45. Rxe5 1-0

[Event "Eastern Asia-ch U18 7th"]
[Site "Hainan"]
[Date "2023.08.09"]
[Round "7"]
[White "Laohawirapap, Prin"]
[Black "Jiang, Qinyu"]
[Result "1-0"]
[WhiteElo "2341"]
[BlackElo "2294"]
[PlyCount "87"]
[EventDate "2023.08.04"]
[EventType "swiss"]
[EventRounds "9"]
[EventCountry "CHN"]
[SourceTitle "EXT 2024"]
[Source "ChessBase"]
[SourceDate "2023.10.10"]
[SourceVersion "1"]
[SourceVersionDate "2023.10.10"]
[SourceQuality "1"]

1. e4 c5 2. Nc3 Nc6 3. Bb5 Nd4 4. Nf3 Nxb5 5. Nxb5 d6 6. d4 Nf6 7. Qd3 a6 8. Nc3 cxd4 9. Nxd4 e5 10. Nf5 Bxf5 11. exf5 h6 12. f4 e4 13. Qd4 Qd7 14. Be3 Qxf5 15. 0-0-0 h5 16. Qb6 Rb8 17. Qa7 Qc8 18. Bd4 d5 19. Rhe1 Be7 20. Bxf6 Bc5 21. Nxe4 Bxa7 22. Nd6+ Kf8 23. Be7+ Kg8 24. Nxc8 Rxc8 25. Rxd5 Rh6 26. c3 h4 27. h3 Bf2 28. Re2 Bg3 29. Rd4 Rh5 30. Kd2 Rf5 31. Ke3 Rc6 32. Kf3 Rg6 33. Ree4 f6 34. Rd8+ Kh7 35. Bd6 Bh2 36. Ree8 Rg3+ 37. Ke4 Kg6 38. Rd7 Bg1 39. Rxg7+ Kxg7 40. Kxf5 Rxg2 41. Re7+ Kg8 42. Kxf6 b5 43. Re8+ Kh7 44. Be5 1-0

[Event "CHN-ch U20"]
[Site "Shenzhen"]
[Date "2023.07.31"]
[Round "7"]
[White "Jiang, Qinyu"]
[Black "Xu, Junwei"]
[Result "1-0"]
[WhiteElo "2294"]
[BlackElo "2141"]
[PlyCount "121"]
[EventDate "2023.07.28"]
[EventType "swiss"]
[EventRounds "11"]
[EventCountry "CHN"]
[SourceTitle "CBM 215 Extra"]
[Source "ChessBase"]
[SourceDate "2023.09.30"]
[SourceVersion "1"]
[SourceVersionDate "2023.09.30"]
[SourceQuality "1"]

1. e4 c5 2. Nf3 Nc6 3. d4 cxd4 4. Nxd4 Nf6 5. Nc3 e5 6. Ndb5 d6 7. Bg5 a6 8. Na3 b5 9. Bxf6 gxf6 10. Nd5 f5 11. g3 fxe4 12. Bg2 Bg7 13. Bxe4 Be6 14. Qh5 Rc8 15. c3 Ne7 16. Rd1 Rc5 17. Nxe7 Qxe7 18. Nc2 d5 19. Bf5 Bxf5 20. Qxf5 Qe6 21. Ne3 0-0 22. 0-0 Qxf5 23. Nxf5 Rd8 24. f4 e4 25. Rd2 d4 26. Nxg7 Kxg7 27. cxd4 e3 28. Rfd1 Rc4 29. Re2 Rcxd4 30. Rxd4 Rxd4 31. Kg2 f5 32. Kf3 Rd3 33. Rc2 Rd6 34. Kxe3 Kf6 35. Rd2 Re6+ 36. Kd4 Rd6+ 37. Kc3 Rc6+ 38. Kb4 Rc4+ 39. Kb3 Rc6 40. a4 bxa4+ 41. Kxa4 Rc1 42. Rd6+ Kg7 43. Rxa6 Rc2 44. b4 Ra2+ 45. Kb5 Rxh2 46. Ra3 h5 47. Kc6 Rc2+ 48. Kd5 Rb2 49. Kc4 h4 50. gxh4 Rf2 51. Rd3 Rxf4+ 52. Rd4 Rf1 53. b5 f4 54. Kc5 f3 55. Rd2 Kg6 56. Rb2 Kh5 57. b6 Rc1+ 58. Kd4 Rc8 59. b7 Rb8 60. Ke3 Kg4 61. Kf2 1-0

[Event "CHN-ch U20"]
[Site "Shenzhen"]
[Date "2023.07.30"]
[Round "5"]
[White "Jiang, Qinyu"]
[Black "Yang, Bokai"]
[Result "1/2-1/2"]
[WhiteElo "2294"]
[BlackElo "1827"]
[PlyCount "101"]
[EventDate "2023.07.28"]
[EventType "swiss"]
[EventRounds "11"]
[EventCountry "CHN"]
[SourceTitle "CBM 215 Extra"]
[Source "ChessBase"]
[SourceDate "2023.09.30"]
[SourceVersion "1"]
[SourceVersionDate "2023.09.30"]
[SourceQuality "1"]

1. e4 e5 2. Nf3 Nc6 3. Bb5 Nf6 4. 0-0 Nxe4 5. d4 Nd6 6. Bxc6 dxc6 7. dxe5 Nf5 8. Qxd8+ Kxd8 9. h3 Bd7 10. Nc3 Be7 11. Bf4 h6 12. Rad1 Kc8 13. g4 Nh4 14. Nxh4 Bxh4 15. Kg2 b6 16. Bg3 Be7 17. f4 f5 18. e6 Be8 19. gxf5 Rf8 20. f6 Bxf6 21. f5 Kb7 22. Ne4 Be7 23. Be5 c5 24. Kh2 Bc6 25. Ng3 Rg8 26. c4 Raf8 27. Rd2 h5 28. Nxh5 g6 29. Ng3 gxf5 30. Rxf5 Rg6 31. Rxf8 Bxf8 32. Rf2 Be7 33. Nf5 Rxe6 34. Nxe7 Rxe7 35. Bf6 Re4 36. b3 b5 37. cxb5 Bxb5 38. h4 Re2 39. Kg3 Rxf2 40. Kxf2 Be8 41. Ke3 Kc6 42. Ke4 Bg6+ 43. Ke5 Bb1 44. h5 Bxa2 45. h6 Bb1 46. Ke6 Kb5 47. Bc3 c4 48. b4 c5 49. bxc5 Kxc5 50. Ke5 Bd3 51. Be1 1/2-1/2

[Event "CHN-ch U20"]
[Site "Shenzhen"]
[Date "2023.07.29"]
[Round "3"]
[White "Jiang, Qinyu"]
[Black "Wu, Hao"]
[Result "1-0"]
[WhiteElo "2294"]
[BlackElo "2012"]
[PlyCount "113"]
[EventDate "2023.07.28"]
[EventType "swiss"]
[EventRounds "11"]
[EventCountry "CHN"]
[SourceTitle "CBM 215 Extra"]
[Source "ChessBase"]
[SourceDate "2023.09.30"]
[SourceVersion "1"]
[SourceVersionDate "2023.09.30"]
[SourceQuality "1"]

1. e4 c6 2. Nf3 d5 3. d3 dxe4 4. dxe4 Qxd1+ 5. Kxd1 Bg4 6. Be2 Nd7 7. Ne1 Bxe2+ 8. Kxe2 e5 9. a4 Nc5 10. f3 Ne6 11. c3 0-0-0 12. Nd3 f6 13. Be3 Kb8 14. Nd2 Ne7 15. b4 Nc8 16. b5 c5 17. Nc4 b6 18. Ndb2 Nc7 19. h4 h5 20. Bf2 Kb7 21. Ne3 Ne6 22. g3 Be7 23. Nd5 Nc7 24. Nxc7 Kxc7 25. a5 Rd7 26. axb6+ axb6 27. Nc4 Kb7 28. Ra6 Bd8 29. Rha1 Bc7 30. Ne3 Bb8 31. Nd5 Rd6 32. c4 Re8 33. Rg1 Ne7 34. g4 Nxd5 35. cxd5 hxg4 36. Rxg4 Rd7 37. Rg6 Rh8 38. Ra1 Bd6 39. Rag1 Bf8 40. Kd3 Kc8 41. Ra1 Kb7 42. Kc4 Rh5 43. Rg4 Bd6 44. Rag1 Bf8 45. Bg3 Rd8 46. f4 exf4 47. Bxf4 Ra8 48. Rxg7+ Bxg7 49. Rxg7+ Kc8 50. Rg8+ Kb7 51. Rxa8 Kxa8 52. d6 Kb7 53. d7 Rh8 54. Kd5 c4 55. Kd6 c3 56. h5 c2 57. h6 1-0

[Event "CHN-ch sf"]
[Site "Hefei"]
[Date "2023.04.25"]
[Round "6"]
[White "Wang, Shixu B"]
[Black "Jiang, Qinyu"]
[Result "1-0"]
[WhiteElo "2433"]
[BlackElo "2246"]
[PlyCount "99"]
[EventDate "2023.04.23"]
[EventType "swiss"]
[EventRounds "11"]
[EventCountry "CHN"]
[SourceTitle "CBM 214 Extra"]
[Source "ChessBase"]
[SourceDate "2023.07.31"]
[SourceVersion "1"]
[SourceVersionDate "2023.07.31"]
[SourceQuality "1"]

1. c4 e6 2. Nc3 d5 3. d4 Nf6 4. Bg5 dxc4 5. e3 c5 6. Bxc4 cxd4 7. exd4 Nc6 8. Nf3 Be7 9. 0-0 0-0 10. Re1 h6 11. Bf4 Nd5 12. Bg3 Nxc3 13. bxc3 Bd6 14. Bb3 Bxg3 15. hxg3 Qd6 16. Qd3 Rd8 17. Re3 Bd7 18. Rae1 Qf8 19. g4 g6 20. g5 Rac8 21. gxh6 Qxh6 22. Re4 Ne7 23. Rh4 Qg7 24. Ng5 Qf6 25. Qd2 Nd5 26. Re5 Nxc3 27. Rh3 Nb1 28. Qb2 Qf4 29. Rhe3 Nc3 30. Rxc3 Qxd4 31. Rxc8 Qxb2 32. Rxd8+ Kg7 33. Rc5 Qa1+ 34. Kh2 Qd4 35. Rc4 Qd6+ 36. g3 Qe7 37. Rxd7 Qxd7 38. Rf4 f5 39. Nxe6+ Kf6 40. Rd4 Qc6 41. Nf4 Qf3 42. Rd2 g5 43. Nd5+ Kg7 44. Kg1 b5 45. Ne3 f4 46. Bd5 Qh5 47. g4 Qh3 48. Nf5+ Kg6 49. f3 Qh8 50. Bb3 1-0

[Event "CHN-ch sf"]
[Site "Hefei"]
[Date "2023.04.24"]
[Round "4"]
[White "Xie, Jiaxiang"]
[Black "Jiang, Qinyu"]
[Result "0-1"]
[WhiteElo "1564"]
[BlackElo "2246"]
[PlyCount "114"]
[EventDate "2023.04.23"]
[EventType "swiss"]
[EventRounds "11"]
[EventCountry "CHN"]
[SourceTitle "CBM 214 Extra"]
[Source "ChessBase"]
[SourceDate "2023.07.31"]
[SourceVersion "1"]
[SourceVersionDate "2023.07.31"]
[SourceQuality "1"]

1. e4 c5 2. Nf3 Nc6 3. c3 e5 4. d4 cxd4 5. cxd4 exd4 6. Nxd4 Nf6 7. Nc3 Bb4 8. Nxc6 dxc6 9. Qxd8+ Kxd8 10. Bg5 h6 11. 0-0-0+ Ke7 12. Bh4 g5 13. Bg3 Be6 14. f3 Rhd8 15. Be2 Nh5 16. Kc2 Nf4 17. Bxf4 gxf4 18. g4 b5 19. Rxd8 Rxd8 20. Rd1 Bd6 21. Bf1 h5 22. g5 h4 23. Ne2 Rg8 24. Nd4 Bd7 25. Nf5+ Bxf5 26. exf5 Rxg5 27. f6+ Kd7 28. Bh3+ Kc7 29. Re1 Rc5+ 30. Kb1 Rd5 31. Rg1 Kb6 32. Rg7 Rd1+ 33. Kc2 Rh1 34. Rg2 Be5 35. Kd3 Re1 36. Bg4 Bxf6 37. h3 a5 38. b3 Re3+ 39. Kc2 Kc5 40. Kd1 Kb4 41. Rd2 Bc3 42. Re2 Ka3 43. Rxe3 fxe3 44. Bd7 Kxa2 45. Bxc6 Kxb3 46. Bxb5 a4 47. Ke2 a3 48. Be8 f5 49. Kxe3 Be5 50. Kd3 a2 51. Bf7+ Kb2 52. Bxa2 Kxa2 53. Kc4 Bg3 54. Kd5 f4 55. Ke4 Kb3 56. Kd3 Bh2 57. Ke4 Kc3 0-1

[Event "China zt 3.5"]
[Site "Shenzhen"]
[Date "2023.04.06"]
[Round "2"]
[White "Peng, Xiongjian"]
[Black "Jiang, Qinyu"]
[Result "1/2-1/2"]
[WhiteElo "2461"]
[BlackElo "2246"]
[PlyCount "68"]
[EventDate "2023.04.05"]
[EventType "swiss"]
[EventRounds "9"]
[EventCountry "CHN"]
[SourceTitle "CBM 213 Extra"]
[Source "ChessBase"]
[SourceDate "2023.05.31"]
[SourceVersion "1"]
[SourceVersionDate "2023.05.31"]
[SourceQuality "1"]

1. e4 c5 2. Nf3 Nc6 3. Bb5 e5 4. 0-0 Bd6 5. c3 a6 6. Ba4 b5 7. Bc2 Nge7 8. a4 b4 9. d3 Bb8 10. Be3 d6 11. d4 bxc3 12. bxc3 cxd4 13. cxd4 0-0 14. Nbd2 Ba7 15. Nc4 Bg4 16. dxe5 Bxf3 17. Qxf3 dxe5 18. Rfd1 Qc7 19. Rac1 Rad8 20. Bb3 Rxd1+ 21. Rxd1 Nd4 22. Bxd4 Bxd4 23. h4 Kh8 24. Ne3 Qc8 25. Nf5 Nxf5 26. exf5 f6 27. Rb1 g6 28. fxg6 hxg6 29. h5 g5 30. Bd5 g4 31. Qd3 Qc5 32. Qg6 Qxd5 33. Qh6+ Kg8 34. Qg6+ Kh8 1/2-1/2